Love or money / (Record no. 9096)

MARC details
000 -LEADER
fixed length control field 01197nam a22002897a 4500
001 - CONTROL NUMBER
control field 9096
003 - CONTROL NUMBER IDENTIFIER
control field FISKH
005 - DATE AND TIME OF LATEST TRANSACTION
control field 20251120112431.0
008 - FIXED-LENGTH DATA ELEMENTS--GENERAL INFORMATION
fixed length control field 251119b cb ||||| |||| 00| 0 eng d
020 ## - INTERNATIONAL STANDARD BOOK NUMBER
International Standard Book Number 9780194789080
040 ## - CATALOGING SOURCE
Original cataloging agency FISKH
Language of cataloging eng
Transcribing agency FISKH
Modifying agency FISKH
050 ## - LIBRARY OF CONGRESS CALL NUMBER
Classification number PE1126.A4 A43
082 ## - DEWEY DECIMAL CLASSIFICATION NUMBER
Classification number 428
100 ## - MAIN ENTRY--PERSONAL NAME
Personal name Akinyemi , Rowena
245 ## - TITLE STATEMENT
Title Love or money /
Statement of responsibility, etc. By Rowena Akinyemi
260 ## - PUBLICATION, DISTRIBUTION, ETC.
Place of publication, distribution, etc. Oxford :
Name of publisher, distributor, etc. Oxford University Press ,
Date of publication, distribution, etc. 2008 .
300 ## - PHYSICAL DESCRIPTION
Extent 56 pages :
Other physical details illustrator ;
Dimensions 20 cm .
490 ## - SERIES STATEMENT
Series statement Oxford Booksworms
Volume/sequential designation 1
505 ## - FORMATTED CONTENTS NOTE
Formatted contents note G <br/>
520 ## - SUMMARY, ETC.
Summary, etc. Pack of ten best-selling iBookworms/i and#150; ideal for building up class libraries. Each Pack contains one copy of each listed title.liThe Adventures of Tom Sawyer/libr / liThe Elephant Man/libr /liA Little Princess/libr / liLove or Money?/libr / liThe Monkey's Paw/libr / liThe Phantom of the Opera/libr / liThe President's Murderer/libr / liSherlock Holmes and the Duke's Son/libr / liWhite Death/libr / liThe Wizard ofOz/li
521 8# - TARGET AUDIENCE NOTE
Target audience note 320 <br/>
Source Lexile <br/>
521 8# - TARGET AUDIENCE NOTE
Target audience note G <br/>
Source Raz-Plus <br/>
650 ## - SUBJECT ADDED ENTRY--TOPICAL TERM
Topical term or geographic name entry element Graded readers
700 ## - ADDED ENTRY--PERSONAL NAME
Personal name Bassett, Jennifer
Relator term Series Editor
942 ## - ADDED ENTRY ELEMENTS (KOHA)
Source of classification or shelving scheme Dewey Decimal Classification
Koha item type Books
Suppress in OPAC No
Holdings
Withdrawn status Lost status Source of classification or shelving scheme Damaged status Not for loan Collection Home library Current library Shelving location Date acquired Total Checkouts Full call number Barcode Date last seen Price effective from Koha item type
    Dewey Decimal Classification     Juvenile Fiction Footprints International School Library Network Toul Tom Poung Campus Footprints International School Library Network Toul Tom Poung Campus TTP Primary Green Bookshelves 11/19/2025   AKI 428 PE1126.A4 A43 2025-4842 11/19/2025 11/19/2025 Books